Normal view
MARC view
Entry Topical Term
001 - CONTROL NUMBER
- control field: 7236
003 - CONTROL NUMBER IDENTIFIER
- control field: ARRUPE
005 - DATE AND TIME OF LATEST TRANSACTION
- control field: 20140129155740.0
008 - FIXED-LENGTH DATA ELEMENTS
- fixed length control field: 140129|| aca||aabn | a|a d
040 ## - CATALOGING SOURCE
- Original cataloging agency: ARRUPE
- Transcribing agency: ARRUPE
150 ## - HEADING--TOPICAL TERM
- Topical term or geographic name as entry element: Nationalism
- Geographic subdivision: India
- Geographic subdivision: Bengal
- General subdivision: History.
670 ## - SOURCE DATA FOUND
- Source citation: Work cat.: (ARRUPE)0: Chatterjee, Partha, 1947- 7233, The nation and its fragments :, c1993.